[Event "Giessen op"]
[Site "Giessen"]
[Date "2009.??.??"]
[Round "7"]
[White "Weber, Andreas"]
[Black "Machlin, Maxim"]
[Result "0-1"]
[WhiteElo "1745"]
[BlackElo "1915"]
[PlyCount "119"]
[EventDate "2009.??.??"]
[EventType "swiss"]
[EventRounds "7"]
[EventCountry "GER"]
[SourceTitle "EXT 2011"]
[Source "ChessBase"]
[SourceDate "2010.11.26"]
[SourceVersion "1"]
[SourceVersionDate "2010.11.26"]
[SourceQuality "1"]

1. f4 d5 2. Nf3 c5 3. g3 Nc6 4. d3 Bf5 5. Bg2 Nf6 6. 0-0 e6 7. Qe1 Qb6 8. Nh4 Nd4 9. Qd1 Bg4 10. Nf3 Nxf3+ 11. exf3 Bf5 12. g4 Bg6 13. f5 exf5 14. Re1+ Kd7 15. g5 Ne8 16. c4 d4 17. f4 Bd6 18. Qa4+ Kd8 19. Na3 Nc7 20. Rb1 f6 21. Bd2 a5 22. Qd1 Be8 23. gxf6 g6 24. Nc2 Bc6 25. Re2 Rf8 26. Qf1 Rxf6 27. Bxc6 Qxc6 28. Qh3 Rf7 29. Rbe1 Kd7 30. Na3 b6 31. Kf2 Re8 32. Rxe8 Nxe8 33. Nb5 Bb8 34. Qh4 Qf6 35. Qg3 Ng7 36. Qf3 Qc6 37. Qg3 Nh5 38. Qg5 Qf6 39. Qg2 Qc6 40. Qg5 Kc8 41. a3 a4 42. Re7 h6 43. Qh4 g5 44. fxg5 Rxe7 45. Qxh5 hxg5 46. Bxg5 Qe8 47. Qf3 Rf7 48. Qa8 Qe5 49. Qc6+ Bc7 50. Nxc7 Qxh2+ 51. Ke1 Qh3 52. Kf2 Qh2+ 53. Kf1 Qxc7 54. Qa8+ Kd7 55. Qd5+ Ke8 56. Qe6+ Kf8 57. Bh6+ Kg8 58. Qg6+ Kh8 59. Bg5 Rg7 60. Bf6 0-1

[Event "Karl Mala Memorial op 11th"]
[Site "Frankfurt"]
[Date "2008.06.29"]
[Round "6"]
[White "Machlin, Maxim"]
[Black "Meuser, Tobias"]
[Result "1-0"]
[WhiteElo "1680"]
[BlackElo "1357"]
[PlyCount "43"]
[EventDate "2008.06.26"]
[EventType "swiss"]
[EventRounds "7"]
[EventCountry "GER"]
[SourceTitle "CBM 125 Extra"]
[Source "ChessBase"]
[SourceDate "2008.09.01"]
[SourceVersion "1"]
[SourceVersionDate "2008.09.01"]
[SourceQuality "1"]

1. e4 e5 2. Nf3 Nc6 3. d4 exd4 4. Bc4 d6 5. Nxd4 Ne5 6. Bb3 Nf6 7. 0-0 Be7 8. f4 Ng6 9. Nc3 0-0 10. h3 Re8 11. Qf3 Bf8 12. Bd2 Bd7 13. Rae1 a6 14. Qg3 c5 15. Nf3 Bc6 16. Ng5 Nh8 17. Rf2 h6 18. e5 dxe5 19. fxe5 Nd5 20. Nge4 Ng6 21. Ref1 Nxe5 22. Nxd5 1-0